000 005940000a22001210004500
100 1 _aZapata León, Sergio
245 1 0 _aDespués de la cocaina : Luna Park de Bret Easton Ellis
300 _aVol.0, núm.12 (Septiembre, 2006), Página 11
500 _aPeriodista.
520 _aEl escritor norteamericano Breat Easton Ellis se convirtió en el demonio de la generación yuppie de los años ochenta al publicar American Psycho, un viaje de un asesino en serie vestido de Armani. Tras siete años de silencio, vuelve a atacar.
773 0 _tArcadia / Andrés Felipe Solano, Editor
942 _cANA
999 _c61818
_d61818